| 000 | 014920000a22003370004500 | ||
|---|---|---|---|
| 003 | EG-GICUC | ||
| 005 | 20250223025158.0 | ||
| 008 | 080326s2007 ua f m 000 0 ger d | ||
| 040 |
_aEG-GICUC _bger _cEG-GICUC |
||
| 041 | 0 | _aGer | |
| 049 | _aDeposite | ||
| 097 | _aPh.D | ||
| 099 | _aCai01.02.14.Ph.D.2007.Mu.M | ||
| 100 | 0 | _aMumina Hafez Abdelbarr | |
| 245 | 1 | 0 |
_aMultikulturalitat bei Barbara Frischmuth und Baha Tahir : _bUntersuchung ausgewahlter werke / _cMumina Hafez Abdelbarr ; Supervised Nahed Shafik Eldib , Ahmed Abdelaziz Ali |
| 246 | 1 | 5 |
_aالتغددية الثقافية بين باربارا فريشموت وبهاء طاهر : _bدراسة لاعمال مختارة |
| 260 |
_aCairo : _bMumina Hafez Abdelbarr , _c2007 |
||
| 300 |
_a242P. ; _c25cm |
||
| 502 | _aThesis (Ph.D.) - Cairo University - Faculty Of Arts - Department Of German Language | ||
| 520 | _aDiese Komparatistische Forschungsarbeit thematisiert das Phanomen der Kulturellen Vielfalt innerhalb zahlreicher Gesellschaften , was heutzutage zum Zentralthema akademischer Debatten sowie taglicher Diskussionen in den verschiedenen Massenmedien | ||
| 530 | _aIssued also as CD | ||
| 653 | 4 | _aKultur | |
| 653 | 4 | _aMultikulturalitat | |
| 653 | 4 | _aPostmodernismus | |
| 700 | 0 |
_aAhmed Abdelaziz Ali , _eSupervisor |
|
| 700 | 0 |
_aNahed Shafik Eldib , _eSupervisor |
|
| 856 | _uhttp://172.23.153.220/th.pdf | ||
| 905 |
_aFatma _eCataloger |
||
| 905 |
_aMustafa _eRevisor |
||
| 942 |
_2ddc _cTH |
||
| 999 |
_c7349 _d7349 |
||